Imię męski na J - Statystyki

Ogólne statystyki
  • Ten quiz został rozwiązany 130 razy
  • Średni wynik to 6 z 10
Statystyki odpowiedzi
Odpowiedź % Poprawnych
Jan
96%
Jarosław
79%
Janusz
71%
Jerzy
71%
Jakub
61%
Józef
60%
Jacek
56%
Julian
55%
Jędrzej
50%
Jeremiasz
34%
Nie znaleziono quizów pasujących do podanych kryteriów
Rozkład punktacji
Procent ludzi z każdym wynikiem
Percentyl według liczby udzielonych odpowiedzi
Twoja historia wyników
Nie rozwiązałeś tego quizu